00378nam a22001457a 4500003000400000005001700004020001500021038001200036040000600048082002100054100001900075245008700094260003500181300001600216OSt20200113135133.0 a1850658099 aMSOHAIL a1 a327.73bANS 2006 aAnsari, Ali M. aConfronting IranbThe Failure of American Foreign Policy and the Roots of Mistrust aLondonbHurst & Companycc2006 a280p:b24cm